| 000 | 00829nas a2200229 454500 | ||
|---|---|---|---|
| 001 | 23713 | ||
| 005 | 20260407193506.0 | ||
| 008 | 260407s1997####ag###########|||spa#d | ||
| 003 | AR-UNSa-BCEJYS | ||
| 040 |
_aAR-UNSa-BCEJYS _bspa _cAR-UNSa-BCEJYS |
||
| 080 |
_a37 _xEducación. Enseñanza. Formación |
||
| 245 | 1 | 0 | _aZona Educativa |
| 022 | _a1667-4391 | ||
| 264 | 1 |
_aBuenos Aires : _bMinisterio de Cultura y Educación de la Nación _c1997 |
|
| 310 | _aFrecuencia: Mensual Cambia de Frecuencia por Bimestral | ||
| 942 | _cSER | ||
| 590 | _aniveau_biblio:s niveau_hierar:1 | ||
| 100 | 1 | _aArgentina. Ministerio de Cultura y Educación de la Nación | |
| 650 | _aEducación | ||
| 650 | _aCiencias de la educación | ||
| 856 | 4 | 1 |
_uhttps://biblioeco.unsa.edu.ar/pmb/images/revistas/Zona Educativa2.jpg _yImagen de portada _qimage/jpeg |
| 999 |
_c8563 _d8563 |
||